Aspectos críticos de la comunicación política : discurso y reforma política en México 1977 /

Uloženo v:
Podrobná bibliografie
Hlavní autor: Valdés Ugalde, Francisco (autor)
Médium: Diplomová práce Kniha
Jazyk:španělština
Vydáno: Guadalajara, México : edición de autor, 1984
Témata:
Tagy: Přidat tag
Žádné tagy, Buďte první, kdo vytvoří štítek k tomuto záznamu!

MARC

LEADER 00000nam^a2200000^a^4500
001 000044045
005 20250521000000.0
009 20260310085836.889
037 |a Acervo ITESO - Biblioteca 
041 |a ESP 
090 |a CCO. 90 
100 |a Valdés Ugalde, Francisco  |e (autor) 
245 1 0 |a Aspectos críticos de la comunicación política :  |b discurso y reforma política en México 1977 /  |c F. Valdés Ugalde. 
264 1 |a Guadalajara, México :  |b edición de autor,  |c 1984 
300 |a 152 p. 
336 |a texto  |b txt  |2 rdacontenido 
337 |a sin mediación  |b n  |2 rdamedio 
338 |a volumen  |b nc  |2 rdasoporte 
502 |a ITESO Tesis de Licenciatura en Ciencias de la Comunicación 
649 |a XX 
650 |a Reforma Política -  |z México -  |x Tema Principal 
650 |a Discurso Político -  |z México 
650 |a Comunicación y Política -  |z México -  |x Tema Principal 
650 |a Comunicación Masiva -  |z México 
910 |a Fondo General 
920 |a Impresos - Tesis del ITESO 
930 |a Colección General 
905 |a 104 
901 |a T008040100  |b IT2  |c TSS  |i 800804  |u 20250521 
902 |a https://opac.biblio.iteso.mx/vufind/Record/000044045